[Event "AUTO-OPEN-1026"]
[Site "http://www.queenalice.com/game.php?id=358949"]
[Date "2008.2.22"]
[Round "1"]
[White "daga2008"]
[Black "leinad3"]
[Result "0-1"]
[WhiteElo "1299"]
[BlackElo "1644"]

1. e4 d5 2. Qf3 dxe4 3. Qxe4 Nf6 4. Qe2 Bg4 5. f3 Bh5 6. g4 Bg6 7. g5 Nd5 8. d3
Nc6 9. Nc3 Nxc3 10. bxc3 e6 11. Rb1 b6 12. d4 Be7 13. h4 Qd5 14. Ra1 Bd6 15. Nh3
Bg3+ 16. Nf2 O-O 17. Kd1 Qa5 18. Bd2 Rad8 19. c4 Qa4 20. Rc1 Nxd4 21. Qe1 Bxc2+
22. Rxc2 Qxc2# 0-1

[Event "AUTO-OPEN-1026"]
[Site "http://www.queenalice.com/game.php?id=358950"]
[Date "2008.2.22"]
[Round "1"]
[White "leinad3"]
[Black "daga2008"]
[Result "1-0"]
[WhiteElo "1681"]
[BlackElo "1279"]

1. d4 d5 2. Nc3 Nf6 3. Bg5 h6 4. Bxf6 exf6 5. e3 Be6 6. g3 Nc6 7. Bg2 Qd7 8. a3
a6 9. Nge2 g5 10. h4 gxh4 11. Rxh4 Be7 12. Qd2 f5 13. Rh5 Na5 14. b3 f6 15.
O-O-O Bxa3+ 16. Kb1 Bf7 17. Rh4 h5 18. Nf4 c6 19. Bh3 O-O-O 20. Qd3 b5 21. Bxf5
Qxf5 22. Qxf5+ Kb8 23. Qxf6 Rdf8 24. Rdh1 Nb7 25. Qxc6 Rc8 26. Qxa6 Bb4 27. Nxb5
Rcd8 28. Qa7+ Kc8 29. Qa8+ Kd7 30. Qxb7+ Ke8 31. Nc7+ Ke7 32. Qxb4+ Kf6 33.
Nxh5+ Kg5 34. Qe7+ Kf5 35. Qxf7+ Kg5 36. Qf6# 1-0

[Event "AUTO-OPEN-1026"]
[Site "http://www.queenalice.com/game.php?id=358973"]
[Date "2008.2.22"]
[Round "1"]
[White "leinad3"]
[Black "rangeljs"]
[Result "1-0"]
[WhiteElo "1619"]
[BlackElo "1824"]

1. g3 e5 2. Bg2 Bc5 3. Nc3 Qf6 4. Ne4 Qb6 5. b3 d5 6. Nxc5 Qxc5 7. Bb2 Nf6 8.
Bxe5 Ng4 9. e3 O-O 10. Bd4 Qd6 11. Ne2 Nc6 12. c3 Nxd4 13. Nxd4 Qf6 14. Qe2 c6
15. Bh3 Ne5 16. Bxc8 Raxc8 17. O-O-O c5 18. Nb5 Rc6 19. f4 Nd7 20. Qg4 Nb6 21.
Nxa7 Rc7 22. Nb5 Rcc8 23. d4 cxd4 24. exd4 Qc6 25. a4 Na8 26. Rd3 Nc7 27. Na7
Qa6 28. Re3 Qxa7 29. Rhe1 Ne6 30. f5 Nxd4 31. f6 g6 32. Qxc8 Nxb3+ 33. Kb2 Qxe3
34. Rxe3 Rxc8 35. Kxb3 Rc6 36. Re8# 1-0

[Event "AUTO-INT-804"]
[Site "http://www.queenalice.com/game.php?id=359052"]
[Date "2008.2.22"]
[Round "1"]
[White "leinad3"]
[Black "winner"]
[Result "0-1"]
[WhiteElo "1639"]
[BlackElo "1682"]

1. d4 e6 2. e4 d5 3. e5 c5 4. c3 Nc6 5. Nf3 cxd4 6. cxd4 Qa5+ 7. Bd2 Bb4 8. a3
Bxd2+ 9. Qxd2 Qxd2+ 10. Nbxd2 Nge7 11. Bd3 Nf5 12. Nb3 O-O 13. O-O b6 14. Rac1
Bb7 15. Bb5 Rac8 16. g4 Nfe7 17. Rc2 Rc7 18. Rfc1 Rfc8 19. h4 Kf8 20. h5 Ke8 21.
a4 Kd8 22. Ng5 f6 23. Nxe6+ Kd7 24. Nxc7 Rxc7 25. exf6 gxf6 26. f4 h6 27. a5 Rc8
28. Kg2 Kd6 29. Kg3 Nb4 30. Rxc8 Nxc8 31. axb6 Nxb6 32. Re1 Nc4 33. Bxc4 dxc4
34. Nd2 Ba6 35. Kh4 Nc2 36. Re8 Nxd4 37. Rh8 Ne2 38. Rxh6 Ke6 39. Ne4 Kd5 40.
Rxf6 Bb5 41. h6 Kxe4 42. h7 Nxf4 43. h8=Q Nd5 44. Re6+ Kd3 45. Qh7+ Kd4 46. Qe4+
Kc5 47. Re5 Bc6 0-1

[Event "AUTO-INT-804"]
[Site "http://www.queenalice.com/game.php?id=359053"]
[Date "2008.2.22"]
[Round "1"]
[White "winner"]
[Black "leinad3"]
[Result "1-0"]
[WhiteElo "1703"]
[BlackElo "1683"]

1. e4 e6 2. d4 d5 3. e5 Nc6 4. Nf3 Bb4+ 5. c3 Ba5 6. Be2 f6 7. exf6 Nxf6 8. Bg5
h6 9. Bf4 Ne4 10. Nbd2 Nxd2 11. Qxd2 a6 12. Ne5 Nxe5 13. Bxe5 Qe7 14. O-O b6 15.
Qf4 Rf8 16. Qg3 Kd7 17. Qxg7 Bb7 18. Qxe7+ Kxe7 19. Bxc7 Rac8 20. Be5 b5 21. Bd3
Rf7 22. f4 b4 23. cxb4 Bxb4 24. Rac1 Bd2 25. Rxc8 Bxc8 26. g3 h5 27. Rd1 Bb4 28.
Rc1 1-0

[Event "AUTO-INT-804"]
[Site "http://www.queenalice.com/game.php?id=359054"]
[Date "2008.2.22"]
[Round "1"]
[White "leinad3"]
[Black "alexandre35"]
[Result "0-1"]
[WhiteElo "1662"]
[BlackElo "1645"]

1. d4 d5 2. Nc3 Nf6 3. Bg5 e6 4. Bxf6 Qxf6 5. Nf3 Bb4 6. Qd2 Nc6 7. a3 Ba5 8. b4
Bb6 9. e3 a6 10. b5 axb5 11. Nxb5 O-O 12. Bd3 Ba5 13. c3 Re8 14. O-O e5 15. dxe5
Nxe5 16. Nxe5 Qxe5 17. Rfe1 c6 18. f4 Qf6 19. Nd4 c5 20. Bb5 Re7 21. Nb3 Bxc3
22. Qxd5 Be6 23. Qxc5 Bxe1 24. Rxe1 Bxb3 25. Rc1 h6 26. f5 Qe5 0-1

[Event "AUTO-INT-804"]
[Site "http://www.queenalice.com/game.php?id=359055"]
[Date "2008.2.22"]
[Round "1"]
[White "alexandre35"]
[Black "leinad3"]
[Result "0-1"]
[WhiteElo "1628"]
[BlackElo "1647"]

1. e4 e5 2. Nf3 f6 3. d4 d5 4. dxe5 dxe4 5. Qxd8+ Kxd8 6. Nfd2 f5 7. Bc4 Nc6 8.
Nc3 Nxe5 9. O-O Nf6 10. Bb3 Bd7 11. Nd5 Nxd5 12. Bxd5 c6 13. Bb3 Bc5 14. Nc4
Nxc4 15. Bg5+ Be7 16. Bxe7+ Kxe7 17. Bxc4 b5 18. Bb3 Rad8 19. f3 e3 20. f4 Kf6
21. Rf3 Rhe8 22. Re1 c5 23. a3 c4 24. Ba2 Bc6 25. Rfxe3 Rxe3 0-1

[Event "Challenge"]
[Site "http://www.queenalice.com/game.php?id=374644"]
[Date "2008.3.21"]
[Round "-"]
[White "leinad3"]
[Black "SalsaQueen"]
[Result "0-1"]
[WhiteElo "1679"]
[BlackElo "1628"]

1. e4 e5 2. Nf3 d6 3. Nc3 a6 4. Bc4 Be6 5. Bxe6 fxe6 6. O-O h6 7. d4 exd4 8.
Qxd4 Nc6 9. Qc4 e5 10. Rd1 Nf6 11. b3 Na5 12. Qa4+ Nc6 13. Nxe5 Be7 14. Nxc6
bxc6 15. Qxc6+ Nd7 16. Nd5 Ra7 17. Be3 Qa8 18. Qxa8+ Rxa8 19. Nxc7+ Kf7 20. Nxa8
Rxa8 21. Bf4 Nf6 22. e5 dxe5 23. Bxe5 Rc8 24. Bxf6 Bxf6 25. Rd7+ Ke8 26. Rad1
Rxc2 27. g3 Rxa2 28. Rb7 a5 29. Ra7 Bd8 30. b4 Bb6 31. bxa5 Bxa7 32. Rd5 Bxf2+
33. Kf1 Ba7 34. Rf5 Rxh2 35. a6 Ra2 0-1

[Event "Challenge"]
[Site "http://www.queenalice.com/game.php?id=377283"]
[Date "2008.3.26"]
[Round "-"]
[White "leinad3"]
[Black "crisvolei"]
[Result "1-0"]
[WhiteElo "1659"]
[BlackElo "1334"]

1. e4 e5 2. Nf3 d6 3. Bc4 Nh6 4. d3 Ng4 5. h3 Nxf2 6. Kxf2 d5 7. Bb3 dxe4 8.
dxe4 Qxd1 9. Rxd1 Bc5+ 10. Kf1 O-O 11. Nxe5 Be6 12. Nc3 Bxb3 13. axb3 f6 14. Nd3
f5 15. Nxc5 fxe4+ 16. Kg1 Nc6 17. Nxb7 Nb4 18. Nxe4 Nxc2 19. Ra5 Rae8 20. Nf2
Re1+ 21. Rxe1 Nxe1 22. Rxa7 h5 23. Nc5 c6 24. Ne6 Rf6 25. Ng5 g6 26. Bd2 Nc2 27.
Ra8+ Kg7 28. Bc3 Ne3 29. Bxf6+ Kxf6 30. Nfe4+ Kf5 31. Rc8 Kf4 32. Kf2 Nd1+ 33.
Ke1 Nxb2 34. Rxc6 Nd3+ 35. Ke2 Ne5 36. Rf6# 1-0

[Event "AUTO-ADV-856"]
[Site "http://www.queenalice.com/game.php?id=379407"]
[Date "2008.3.30"]
[Round "1"]
[White "braseiko"]
[Black "leinad3"]
[Result "1-0"]
[WhiteElo "1929"]
[BlackElo "1685"]

1. e4 e5 2. Nf3 d6 3. d4 Bg4 4. dxe5 Bxf3 5. Qxf3 dxe5 6. Bc4 Nf6 7. O-O Nc6 8.
c3 h6 9. Be3 Bd6 10. Bb3 b5 11. Nd2 Na5 12. Bc2 Qd7 13. b4 Nb7 14. Rfd1 Ng4 15.
Nf1 Nxe3 16. Nxe3 O-O-O 17. a4 c6 18. axb5 cxb5 19. Rxa7 Qc7 20. Nd5 Qc6 21.
Rda1 Qe8 22. Qf5+ Qe6 23. Ra8+ Kd7 24. Nb6+ Kc6 25. Qxe6 fxe6 26. R8a6 Bc7 27.
Nc4+ Kd7 28. Ne3 Ke7 29. Bb3 1-0

[Event "AUTO-ADV-856"]
[Site "http://www.queenalice.com/game.php?id=379408"]
[Date "2008.3.30"]
[Round "1"]
[White "leinad3"]
[Black "braseiko"]
[Result "0-1"]
[WhiteElo "1692"]
[BlackElo "1922"]

1. e4 e5 2. Nf3 Nf6 3. Nxe5 d6 4. Nf3 Nxe4 5. d3 Nf6 6. Nc3 c6 7. Bg5 Be7 8. Qe2
O-O 9. O-O-O Re8 10. Re1 Nbd7 11. d4 d5 12. Bxf6 Nxf6 13. Ne5 Be6 14. h3 Qb6 15.
Rd1 Nd7 16. Na4 Qa5 17. Nc3 Nb6 18. Rd3 Na4 19. Nxa4 Qxa4 20. a3 Bf5 21. Rb3
Qxd4 22. Rxb7 Bf6 23. Nxc6 Bg5+ 24. Kb1 Qf4 25. Qd1 Rac8 26. Nd4 Qxf2 27. Bd3
Bxd3 28. cxd3 Rc1+ 0-1

[Event "AUTO-ADV-856"]
[Site "http://www.queenalice.com/game.php?id=379421"]
[Date "2008.3.30"]
[Round "1"]
[White "rmvwoods"]
[Black "leinad3"]
[Result "0-1"]
[WhiteElo "1954"]
[BlackElo "1662"]

1. e4 e5 2. Nf3 Nc6 3. Bb5 Nd4 4. Nxd4 exd4 5. O-O Qg5 6. Bc4 d6 7. Qf3 Nf6 8.
d3 Qg6 9. Bf4 Bg4 10. Qg3 Nh5 11. Qh4 Nxf4 12. f3 Bxf3 13. Rxf3 Qxg2# 0-1

[Event "AUTO-ADV-856"]
[Site "http://www.queenalice.com/game.php?id=379422"]
[Date "2008.3.30"]
[Round "1"]
[White "leinad3"]
[Black "rmvwoods"]
[Result "0-1"]
[WhiteElo "1623"]
[BlackElo "1946"]

1. e4 e6 2. d4 d5 3. e5 c5 4. Nf3 cxd4 5. Nxd4 Nc6 6. Bb5 Qb6 7. Be3 Bc5 8. c3
Bxd4 9. Bxc6+ bxc6 10. Bxd4 c5 11. Be3 Qxb2 12. Nd2 Qxc3 13. Rc1 Qxe5 14. Rxc5
Nf6 15. O-O O-O 16. Nf3 Qd6 17. Qd4 Bd7 18. Bd2 Rfc8 19. Bb4 Rxc5 20. Bxc5 Qa6
0-1

[Event "AUTO-ADV-856"]
[Site "http://www.queenalice.com/game.php?id=379429"]
[Date "2008.3.30"]
[Round "1"]
[White "Fischercat"]
[Black "leinad3"]
[Result "1-0"]
[WhiteElo "1747"]
[BlackElo "1672"]

1. b3 Nf6 2. Bb2 e6 3. h3 d5 4. e3 b6 5. Nf3 Nc6 6. Bb5 Bb7 7. Ne5 Qd6 8. d4
Qb4+ 9. Nc3 Qd6 10. a4 a6 11. Ba3 Qd7 12. Nxd7 1-0

[Event "AUTO-ADV-856"]
[Site "http://www.queenalice.com/game.php?id=379430"]
[Date "2008.3.30"]
[Round "1"]
[White "leinad3"]
[Black "Fischercat"]
[Result "0-1"]
[WhiteElo "1620"]
[BlackElo "1786"]

1. e4 c6 2. Nf3 h6 3. d4 e6 4. Bc4 d5 5. exd5 cxd5 6. Bb3 Be7 7. O-O Nc6 8. Qd3
Nf6 9. Ba4 O-O 10. c3 a6 11. Bxc6 bxc6 12. Ne5 Qc7 13. Qg3 Ne4 14. Qg4 Bg5 15.
f4 Bf6 16. Nd2 Nd6 17. Qg3 Nf5 18. Qh3 a5 19. g4 Bxe5 20. fxe5 Ne7 21. Qh4 Ba6
22. Rf3 Ng6 23. Qh5 Qe7 24. Nb3 Qh4 25. Qxh4 Nxh4 26. Rh3 Ng6 27. Nxa5 Be2 28.
Nxc6 Bxg4 29. Rg3 Bf5 30. h4 Kh7 31. h5 Nh4 32. Bd2 Be4 33. Kf2 Nf5 34. Rg4 g5
35. b4 f6 36. exf6 Rxf6 37. Ne5 Nxd4+ 38. Kg3 Ne2+ 39. Kh3 Raf8 40. Re1 Rf2 41.
Be3 R2f5 42. Rxe2 Rxe5 43. Bd4 Ref5 44. Re3 Rf3+ 45. Rg3 Rxg3+ 46. Kxg3 Ra8 47.
c4 Rxa2 48. cxd5 exd5 49. b5 Ra4 50. Bc5 Ra5 51. Rb3 Bf5 52. Bd6 Bc8 53. Kf3 Bb7
54. Ke3 Kg7 55. Kd4 Kf6 56. Kc5 Ba8 0-1

[Event "Board 3, Div E"]
[Site "http://www.queenalice.com/game.php?id=382431"]
[Date "2008.4.5"]
[Round "3"]
[White "leinad3"]
[Black "Sherlock6834"]
[Result "0-1"]
[WhiteElo "1625"]
[BlackElo "2007"]

1. g3 d5 2. Bg2 e5 3. d4 e4 4. Nc3 Be6 5. Bf4 Bb4 6. Qd2 Nc6 7. a3 Bxc3 8. Qxc3
Nge7 9. f3 f5 10. b4 a6 11. Nh3 h6 0-1